Atlantic Gandhi : (Record no. 74959)
[ view plain ]
| 000 -LEADER | |
|---|---|
| fixed length control field | 01258nam a22002537a 4500 |
| 005 - DATE AND TIME OF LATEST TRANSACTION | |
| control field | 20130430120354.0 |
| 010 ## - LCCN (DPL NO) | |
| LC control number | ENG-106963 |
| 020 ## - INTERNATIONAL STANDARD BOOK NUMBER | |
| International Standard Book Number | 9788132109686 |
| Terms of availability | 695.00 |
| 035 ## - SYSTEM CONTROL NUMBER | |
| System control number | EN-90496 |
| 037 ## - SOURCE OF ACQUISITION | |
| Source of stock number/acquisition | DBAD/PUB |
| 082 00 - DEWEY DECIMAL CLASSIFICATION NUMBER | |
| Classification number | 954.035092 |
| Edition number | 23 |
| 100 1# - MAIN ENTRY--PERSONAL NAME | |
| Personal name | Natarajan, Nalini. |
| 245 10 - TITLE STATEMENT | |
| Title | Atlantic Gandhi : |
| Remainder of title | the Mahatma overseas / |
| Statement of responsibility, etc | by Nalini Natarajan |
| 260 ## - PUBLICATION, DISTRIBUTION, ETC. (IMPRINT) | |
| Place of publication, distribution, etc | New Delhi: |
| Name of publisher, distributor, etc | SAGE Publications |
| Date of publication, distribution, etc | 2013 |
| 270 ## - ADDRESS | |
| Address | B1/I-1 Mohan Cooperative Industrial Area, Mathura Road |
| City | New Delhi |
| Postal code | 110044 |
| 300 ## - PHYSICAL DESCRIPTION | |
| Extent | xi, 248 p. : |
| Other physical details | ill. |
| Dimensions | 23cm(Hb) |
| 500 ## - GENERAL NOTE | |
| General note | Includes bibliographical references (p. [229]-242) and index. |
| 505 0# - FORMATTED CONTENTS NOTE | |
| Formatted contents note | From Kathiawar -- Sailing the high seas -- Deconstructing the coolie -- Plotting a diasporic nation -- Local cosmopolitan and modern anti-modern: Hind Swaraj and Satyagraha in South Africa -- The Tamil women of the Transvaal -- Gandhi and Atlantic modernity -- "Prophet in homespun": Deenabandhu C.F. Andrews -- Conclusion: diasporic Gandhi. |
| 600 10 - SUBJECT ADDED ENTRY--PERSONAL NAME | |
| Personal name | Gandhi, |
| Titles and other words associated with a name | Mahatma, |
| Dates associated with a name | 1869-1948. |
| 600 10 - SUBJECT ADDED ENTRY--PERSONAL NAME | |
| Personal name | Gandhi, |
| Titles and other words associated with a name | Mahatma, |
| Dates associated with a name | 1869-1948 |
| General subdivision | Travel |
| Geographic subdivision | South Africa. |
| 650 #0 - SUBJECT ADDED ENTRY--TOPICAL TERM | |
| Topical term or geographic name as entry element | Statesmen |
| Geographic subdivision | India |
| Form subdivision | Biography. |
| 650 #0 - SUBJECT ADDED ENTRY--TOPICAL TERM | |
| Topical term or geographic name as entry element | East Indians |
| Geographic subdivision | South Africa |
| General subdivision | Politics and government. |
| 942 ## - ADDED ENTRY ELEMENTS (KOHA) | |
| Source of classification or shelving scheme | Dewey Decimal Classification |
| Item type | English Books |
| Classification part | 954.035092 |
| Call number suffix | NAT |
| Withdrawn status | Lost status | Not for loan | Collection code | Home library | Current library | Date acquired | Source of acquisition | Cost, normal purchase price | Full call number | Barcode | Copy number | Cost, replacement price | Koha item type |
|---|---|---|---|---|---|---|---|---|---|---|---|---|---|
| Not For Loan | Non-fiction | D.B.Act.Division | D.B.Act.Division | 30/04/2013 | DBAD/PUB | 695.00 | 954.035092 NAT | EN-90496 | 1 | 695.00 | English Books |
